000 00663cam a22002414a 4500
003 UPN
005 20240806063915.0
008 040421s2001 mx r 000 j spa d
020 _a9707100117
035 _aUPN01000132994
040 _aUPN
_bspa
_cUPN
049 _aCG
050 4 _aPQ7297 F9.8
_bA3.8
100 1 _aFuentes, Carlos,
_d1928-2012
_928486
245 1 0 _aAgua quemada :
_bcuarteto narrativo /
_cCarlos Fuentes.
260 _aMéxico :
_bSuma de Letras,
_c2001.
300 _a159 p.
490 0 _aPunto de lectura ;
_v108.3
650 4 _aLiteratura mexicana
_94466
650 4 _aCuentos mexicanos
_96937
905 _aLibro
942 _2lcc
_cLIBRO
999 _c105147
_d105147